| 000 -CABECERA |
| Longitud fija campo de control |
01255cam a2200373 a 4500 |
| 001 - NÚMERO DE CONTROL |
| Número de control |
991000940459706706 |
| 003 - IDENTIFICADOR DEL NÚMERO DE CONTROL |
| Identificador del número de control |
OSt |
| 005 - FECHA Y HORA DE LA ÚLTIMA TRANSACCIÓN |
| Fecha y hora de la última transacción |
20211216121746.0 |
| 008 - CÓDIGOS DE INFORMACIÓN DE LONGITUD FIJA |
| Códigos de información de longitud fija |
910429s1991 spc|||| 000 ||spa c |
| 015 ## - NÚMERO DE BIBLIOGRAFÍA NACIONAL |
| Número de bibliografía nacional |
LL2010 |
| Fuente |
bnc |
| 017 ## - NÚMERO DE COPYRIGHT O DE DEPÓSITO LEGAL |
| Número de copyright o de depósito legal |
DL B. 9077-1991 |
| Agencia que asigna el número |
Biblioteca de Catalunya |
| 020 ## - NÚMERO INTERNACIONAL NORMALIZADO PARA LIBROS |
| Número Internacional Normalizado para Libros (ISBN) |
8474261767 |
| 035 ## - NÚMERO DE CONTROL DEL SISTEMA |
| Número de control del sistema |
(ES-BaCBU)b10211822-34csuc_network |
| 035 ## - NÚMERO DE CONTROL DEL SISTEMA |
| Número de control del sistema |
(ES-BaCBU).b10211822 |
| 035 ## - NÚMERO DE CONTROL DEL SISTEMA |
| Número de control del sistema |
(ccuc001)b10211822 |
| 035 ## - NÚMERO DE CONTROL DEL SISTEMA |
| Número de control del sistema |
(OCoLC)801864136 |
| 040 ## - FUENTE DE LA CATALOGACIÓN |
| Centro catalogador de origen |
ES-BaCBU |
| Lengua de catalogación |
cat |
| Centro transcriptor |
ES-BaCBU |
| Centro modificado |
CDMR |
| 080 ## - NÚMERO DE LA CLASIFICACIÓN DECIMAL UNIVERSAL |
| Número de la Clasificación Decimal Universal |
316.77:323.28(460) |
| 080 ## - NÚMERO DE LA CLASIFICACIÓN DECIMAL UNIVERSAL |
| Número de la Clasificación Decimal Universal |
323.28:316.77(460) |
| 090 ## - CAMPOS LOCALES |
| Número de clasificación (OCLC) ; Número de clasificación,LLAMADA (RLIN) |
KKT4450 |
| Signatura local (OCLC) ; Signatura sin dividir, número de libro, CALL (RLIN) |
.R63 1991 |
| 100 1# - PUNTO DE ACCESO PRINCIPAL-NOMBRE DE PERSONA |
| Nombre de persona |
Rodrigo Alsina, Miquel |
| 9 (RLIN) |
1468 |
| 245 14 - MENCIÓN DE TÍTULO |
| Título |
Los Medios de comunicación ante el terrorismo / |
| Mención de responsabilidad, etc. |
Miquel Rodrigo Alsina |
| 260 ## - PUBLICACIÓN, DISTRIBUCIÓN, ETC. (PIE DE IMPRENTA) |
| Lugar de publicación, distribución, etc. |
Barcelona : |
| Nombre del editor, distribuidor, etc. |
Icaria, |
| Fecha de publicación, distribución, etc. |
DL 1991 |
| 300 ## - DESCRIPCIÓN FÍSICA |
| Extensión |
157 p. ; |
| Dimensiones |
21 cm |
| 490 1# - MENCIÓN DE SERIE |
| Mención de serie |
Icaria antrazyt; 59 |
| 504 ## - NOTA DE BIBLIOGRAFÍA, ETC |
| Nota de bibliografía, etc. |
Bibliografia |
| 650 #0 - PUNTO DE ACCESO ADICIONAL DE MATERIA - TÉRMINO DE MATERIA |
| Término de materia o nombre geográfico como elemento inicial |
Violència en els mitjans de comunicació de massa |
| Fuente del encabezamiento o término |
thub |
| 9 (RLIN) |
2772 |
| 650 #7 - PUNTO DE ACCESO ADICIONAL DE MATERIA - TÉRMINO DE MATERIA |
| Término de materia o nombre geográfico como elemento inicial |
Terrorisme en els mitjans de comunicació de massa |
| Subdivisión geográfica |
Espanya. |
| Fuente del encabezamiento o término |
lemac |
| 830 #0 - PUNTO DE ACCESO ADICIONAL DE SERIE - TÍTULO UNIFORME |
| Título uniforme |
Antrazyt |
| 907 ## - ELEMENTO G DATOS LOCALES, GDL (RLIN) |
| a |
.b10211822 |
| b |
15-06-21 |
| c |
06-05-08 |
| d |
27-08-10 |
| e |
m |
| f |
a |
| g |
- |
| h |
spa |
| i |
spc |
| j |
4 |
| k |
9 |
| 908 ## - CONTROL DE PARÁMETROS (RLIN) |
| Parametro de comando lanzado |
UAB |
| -- |
UB |
| -- |
UdL |
| -- |
UJI |
| -- |
UPF |
| -- |
BC |
| -- |
URL |
| -- |
URV |
| -- |
UOC |
| -- |
ISPC |
| 940 ## - |
| T&íacute;tulo uniforme |
<a href="BC">BC</a> |
| 942 ## - ENTRADA DE ELEMENTOS AGREGADOS (KOHA) |
| Fuente de clasificaión o esquema |
|
| Koha [por defecto] tipo de item |
Monografies |